Normal view MARC view

Entry Topical Term

Number of records used in: 1

001 - CONTROL NUMBER

  • control field: 42599

003 - CONTROL NUMBER IDENTIFIER

  • control field: OSt

005 - DATE AND TIME OF LATEST TRANSACTION

  • control field: 20240108151842.0

008 - FIXED-LENGTH DATA ELEMENTS

  • fixed length control field: 240108|| aca||aabn | a|a d

040 ## - CATALOGING SOURCE

  • Original cataloging agency: OSt
  • Transcribing agency: OSt

150 ## - HEADING--TOPICAL TERM

  • Topical term or geographic name entry element: Sustainable development

670 ## - SOURCE DATA FOUND

  • Source citation: Work cat.: (OSt): Lomborg, Bjorn 42597, Best things first: the 12 most efficient solutions for the world's poorest and our global SDG promises, 2023

Powered by Koha